Možnosti financovania regionálneho rozvoja obcí v rámci európskej integrácie
Možnosti financovania aktivít v rámci regionálneho rozvoja, ktoré majú obce ako základné jednotky územnej samosprávy v SR. Význam čerpania finančných prostriedkov z EÚ prostredníctvom štrukturálnych fondov.
Salvato in:
| Autore principale: | |
|---|---|
| Natura: | Capitolo di libro |
| Lingua: | slovacco |
| Soggetti: | |
| Tags: |
Nessun Tag, puoi essere il primo ad aggiungerne!!
|
MARC
| LEADER | 00000nla a2200000 4500 | ||
|---|---|---|---|
| 001 | 0178278 | ||
| 005 | 20221020085317.9 | ||
| 041 | 0 | |a slo | |
| 044 | |a SK | ||
| 245 | 1 | 0 | |a Možnosti financovania regionálneho rozvoja obcí v rámci európskej integrácie |c Barbora Gondžárová |
| 520 | |a Možnosti financovania aktivít v rámci regionálneho rozvoja, ktoré majú obce ako základné jednotky územnej samosprávy v SR. Význam čerpania finančných prostriedkov z EÚ prostredníctvom štrukturálnych fondov. | ||
| 610 | 2 | 0 | |a Slovensko |
| 610 | 2 | 0 | |a Európska únia |
| 610 | 2 | 0 | |a fondy Európskej únie |
| 610 | 2 | 0 | |a fondy štruktúrne |
| 610 | 2 | 0 | |a rozvoj regionálny |
| 610 | 2 | 0 | |a spolupráca medzinárodná |
| 100 | 1 | |a Gondžárová, Barbora | |